| 000 | 00556nam a22002057a 4500 | ||
|---|---|---|---|
| 001 | 2971 | ||
| 003 | BD-DhBUF | ||
| 005 | 20260121121124.0 | ||
| 008 | 260121b bg ||||| |||| 00| 0 ben d | ||
| 020 | _a1855733331 | ||
| 040 |
_aBD-DhBUF _cBD-DhBUF |
||
| 100 |
_aSpencer, David J _9870 |
||
| 245 |
_aKnittng technology : _ba comprehensive handbook and practical guide / _cDavid J Spencer, |
||
| 250 | _a3rd ed. | ||
| 260 |
_aEngland : _bWoodhead, _cC 2001. |
||
| 300 |
_axxv, 386p. : _c21cm. ; |
||
| 526 | _aKMT | ||
| 650 | _aKnitting | ||
| 942 |
_2ddc _cBK |
||
| 999 |
_c2971 _d2971 |
||